| 000 | 00465nam a2200193Ia 4500 | ||
|---|---|---|---|
| 003 | 0100 | ||
| 005 | 20150326164848.0 | ||
| 008 | 130303s9999 xx 000 0 und d | ||
| 040 | _cARRUPELIB | ||
| 050 | _aGN659.K39O3B628 1982 | ||
| 100 |
_aBlackburn, Roderic H _916609 |
||
| 245 | _aOkiek | ||
| 245 | _bKenya's people | ||
| 260 | _aLondon | ||
| 260 | _bEvans brothers | ||
| 300 | _a42p | ||
| 700 |
_aSharman, Margaret (ed) _916610 |
||
| 942 |
_2lcc _cMONOGRAPH |
||
| 999 |
_c25210 _d25210 |
||